000
00254nam a22000977a 4500
999
_c
11295
_d
11295
008
190205b ||||| |||| 00| 0 eng d
020
_a
9781841260037
100
_a
Neumann
_9
7037
245
_a
Nutrition in Sport
260
_a
Uk
_b
Meyer & Meyer and Sports
_c
2001